| 000 | 02952cam a2200721 a 4500 | ||
|---|---|---|---|
| 001 | ocm13268755 | ||
| 003 | OCoLC | ||
| 005 | 20260205142125.0 | ||
| 008 | 860221s1986 nyua b 000 1 eng | ||
| 010 | _a 86003293 | ||
| 020 |
_a0140321691 _q(pbk.) |
||
| 020 |
_a9780140321692 _q(pbk.) |
||
| 020 |
_a9780812451849 _q(PFNL) |
||
| 020 |
_a0812451848 _q(PFNL) |
||
| 020 | _a9780142407028 | ||
| 020 | _a014240702X | ||
| 029 | 1 |
_aAU@ _b000026410066 |
|
| 029 | 1 |
_aIG# _b9780140321692 |
|
| 035 | _a(OCoLC)13268755 | ||
| 040 |
_aDLC _beng _cDLC _dBAKER _dBTCTA _dYDXCP _dJBO _dIG# _dOCLCO _dOCLCF _dOCLCQ _dOCLCO _dOCLCQ _dTXNVM _dAL5OZ _dOCLCQ _dMWB _dOCLCQ _dGILDS _dOCLCO _dWLM _dWACOL |
||
| 042 | _alcac | ||
| 049 | _aWACL | ||
| 050 | 1 | 0 |
_aPZ7.M4284 _bHu 1986 |
| 082 | 0 | 0 |
_a[E] _219 |
| 092 |
_ajunior fiction _bMat |
||
| 100 | 1 |
_aMathis, Sharon Bell. _95969861 |
|
| 245 | 1 | 4 |
_aThe hundred penny box / _cSharon Bell Mathis ; illustrated by Leo & Diane Dillon. |
| 260 |
_aNew York, N.Y., U.S.A. : _bPuffin Books, _c1986. |
||
| 300 |
_a47 pages : _billustrations ; _c23 cm |
||
| 336 | _atext | ||
| 337 | _aunmediated | ||
| 338 | _avolume | ||
| 490 | _aNewbery | ||
| 586 | _aNewbery Medal Honor Book, 1976. | ||
| 520 | _aMichael's love for his one-hundred-year-old great-great-aunt, who lives with his family, leads him to intercede with his mother who wants to toss out all of Aunt Dew's old things. | ||
| 526 | 0 |
_aAccelerated Reader AR _bLG _c3.9 _d1.0 _z320. |
|
| 526 | 0 |
_aAccelerated Reader _bGrades K-4 _c3.9 _d1 _zQuiz 320 _zEnglish fiction, vocabulary quiz available, audio quiz available for beginning readers. |
|
| 521 |
_ajunior fiction _bamazon |
||
| 650 | _aNewbery Medal | ||
| 650 | 0 |
_aGrandmothers _vJuvenile fiction. _95683771 |
|
| 650 | 0 |
_aFamilies _vJuvenile fiction. _95674031 |
|
| 650 | 1 |
_aGreat-aunts _vFiction. _95684784 |
|
| 650 | 1 |
_aOld age _vFiction. _95705854 |
|
| 650 | 1 |
_aFamily life _vFiction. _95674038 |
|
| 650 | 1 |
_aAfrican Americans _vFiction. _95677287 |
|
| 650 | 7 |
_aFamilies. _2fast _0(OCoLC)fst01728849 _95969862 |
|
| 650 | 7 |
_aGrandmothers. _2fast _0(OCoLC)fst00946353 _95969863 |
|
| 655 | 7 |
_aFiction. _2fast _0(OCoLC)fst01423787 _95673940 |
|
| 655 | 7 |
_aJuvenile works. _2fast _0(OCoLC)fst01411637 _95673941 |
|
| 655 | 7 |
_aFiction. _2lcgft _95673940 |
|
| 700 | 1 |
_aDillon, Leo, _eillustrator. _92764 |
|
| 700 | 1 |
_aDillon, Diane, _eillustrator. _92763 |
|
| 740 | 0 | _a100 penny box. | |
| 938 |
_aBaker & Taylor _bBKTY _c5.99 _d4.49 _i0140321691 _n0001087039 _sactive |
||
| 938 |
_aBaker & Taylor _bBKTY _c14.70 _d.00 _i060601280X _n0002890260 _sactive |
||
| 938 |
_aBaker and Taylor _bBTCP _n86003293 |
||
| 938 |
_aIngram _bINGR _n9780140321692 |
||
| 938 |
_aYBP Library Services _bYANK _n86714 |
||
| 942 |
_cBOOK _00 |
||
| 948 |
_a05/08/2018 _zSirsi |
||
| 994 |
_aC0 _bWACOL |
||
| 996 |
_a149410 _b34301001727827 _cJNEW _dbk _ewcl _fi _g0 _h18.80 _lamazon _mMat _p05/08/2018 _q05/08/2018 |
||
| 999 |
_c308805 _d308804 |
||